Red Flag over Afghanistan : (Record no. 194800)
[ view plain ]
| 000 -LEADER | |
|---|---|
| fixed length control field | 00808 a2200205 4500 |
| 003 - CONTROL NUMBER IDENTIFIER | |
| control field | Nust |
| 005 - DATE AND TIME OF LATEST TRANSACTION | |
| control field | 20230210123050.0 |
| 010 ## - LIBRARY OF CONGRESS CONTROL NUMBER | |
| LC control number | 83010370 |
| 020 ## - INTERNATIONAL STANDARD BOOK NUMBER | |
| International Standard Book Number | 0865314446 : |
| 020 ## - INTERNATIONAL STANDARD BOOK NUMBER | |
| International Standard Book Number | 0865314454 (pbk.) : |
| 040 ## - CATALOGING SOURCE | |
| Transcribing agency | Nust |
| 082 00 - DEWEY DECIMAL CLASSIFICATION NUMBER | |
| Classification number | 958.1044,HAM |
| 100 1# - MAIN ENTRY--PERSONAL NAME | |
| Personal name | Hammond, Thomas Taylor. |
| 9 (RLIN) | 108886 |
| 245 10 - TITLE STATEMENT | |
| Title | Red Flag over Afghanistan : |
| Remainder of title | the Communist coup, the Soviet invasion, and the consequences / |
| Statement of responsibility, etc. | Thomas T. Hammond. |
| 260 ## - PUBLICATION, DISTRIBUTION, ETC. | |
| Place of publication, distribution, etc. | Boulder, Colo. : |
| Name of publisher, distributor, etc. | Westview Press, |
| Date of publication, distribution, etc. | 1984. |
| 300 ## - PHYSICAL DESCRIPTION | |
| Extent | xvii, 262 p. ; |
| Dimensions | 24 cm. |
| 505 ## - FORMATTED CONTENTS NOTE | |
| Formatted contents note | Part.1 Afghanistan Before the Communist Coup (Page-3), Part.2 The Coup of April 1978 and its Aftermath (Page-49), Part.3 The Soviet Invasion and its Consequences (Page-97). |
| 651 #0 - SUBJECT ADDED ENTRY--GEOGRAPHIC NAME | |
| Geographic name | Afghanistan |
| General subdivision | History |
| Chronological subdivision | Soviet occupation, 1979-1989. |
| 9 (RLIN) | 22710 |
| 942 ## - ADDED ENTRY ELEMENTS (KOHA) | |
| Source of classification or shelving scheme | |
| Koha item type | Book |
| Withdrawn status | Lost status | Source of classification or shelving scheme | Damaged status | Not for loan | Permanent Location | Current Location | Shelving location | Date acquired | Full call number | Barcode | Date last seen | Price effective from | Koha item type | Public note |
|---|---|---|---|---|---|---|---|---|---|---|---|---|---|---|
| Military College of Signals (MCS) | Military College of Signals (MCS) | General Stacks | 12/12/2016 | 958.1044,HAM | MCS36496 | 12/08/2016 | 12/12/2016 | Book | Almirah No.62, Shelf No.5 |
